|
|
|
|
| LEADER |
02184nam a2200577 i 4500 |
| 001 |
nkc20162829742 |
| 003 |
CZ PrNK |
| 005 |
20181025161425.0 |
| 007 |
ta |
| 008 |
160829s2016 xr a e p 000 0 eng |
| 015 |
|
|
|a cnb002829742
|
| 020 |
|
|
|a 978-80-246-3474-6
|q (brožováno)
|
| 035 |
|
|
|a (OCoLC)970636271
|
| 040 |
|
|
|a ABA001
|b cze
|d OLA001
|e rda
|
| 072 |
|
7 |
|a 811.111
|x Angličtina
|2 Konspekt
|9 11
|
| 072 |
|
7 |
|a 37.016
|x Učební osnovy. Vyučovací předměty. Učebnice
|2 Konspekt
|9 22
|
| 080 |
|
|
|a 811.111
|2 MRF
|
| 080 |
|
|
|a 611
|2 MRF
|
| 080 |
|
|
|a 81'373.46
|2 MRF
|
| 080 |
|
|
|a 81'42'373.46
|2 MRF
|
| 080 |
|
|
|a (075.8)
|2 MRF
|
| 100 |
1 |
|
|a Holá, Alena,
|d 1960-
|7 jx20070627012
|4 aut
|
| 245 |
1 |
0 |
|a Medical English.
|n 1,
|p Anatomy of the human body /
|c Alena Holá, Tamara Kopřivová
|
| 246 |
3 |
0 |
|a Anatomy of the human body
|
| 250 |
|
|
|a Třetí, přepracované vydání
|
| 264 |
|
1 |
|a Praha :
|b Univerzita Karlova v Praze, nakladatelství Karolinum,
|c 2016
|
| 300 |
|
|
|a 145 stran :
|b ilustrace ;
|c 24 cm
|
| 336 |
|
|
|a text
|b txt
|2 rdacontent
|
| 337 |
|
|
|a bez média
|b n
|2 rdamedia
|
| 338 |
|
|
|a svazek
|b nc
|2 rdacarrier
|
| 500 |
|
|
|a Anglicko-český slovník
|
| 504 |
|
|
|a Obsahuje bibliografii
|
| 521 |
8 |
|
|a Určeno pro posluchače Lékařské fakulty Univerzity Karlovy v Plzni
|
| 650 |
0 |
7 |
|a angličtina
|7 ph114056
|2 czenas
|
| 650 |
0 |
7 |
|a anatomie člověka
|7 ph118421
|2 czenas
|
| 650 |
0 |
7 |
|a odborné texty
|7 ph123679
|2 czenas
|
| 650 |
0 |
7 |
|a oborová terminologie
|7 ph138998
|2 czenas
|
| 650 |
0 |
9 |
|a English language
|2 eczenas
|
| 650 |
0 |
9 |
|a human anatomy
|2 eczenas
|
| 650 |
0 |
9 |
|a professional texts
|2 eczenas
|
| 650 |
0 |
9 |
|a terminology (professional)
|2 eczenas
|
| 655 |
|
7 |
|a učebnice vysokých škol
|7 fd133772
|2 czenas
|
| 655 |
|
9 |
|a textbooks (higher)
|2 eczenas
|
| 700 |
1 |
|
|a Kopřivová, Tamara,
|d 1962-
|7 pna2005292374
|4 aut
|
| 910 |
2 |
|
|a BOA001
|b 2-1378.262,1
|
| 928 |
9 |
|
|a Karolinum
|
| 990 |
|
|
|a BK
|
| 995 |
|
|
|a 01
|
| 991 |
|
|
|b 201612
|c NOV
|
| 996 |
6 |
|
|b 2610690553
|c 2-1378.262,1
|l MZK
|r Sklad / do 1 hodiny
|n 0
|p p.v.
|w 001591643
|u 000010
|a 1
|e BOA001
|j MZK50
|s P
|
| 996 |
7 |
|
|b 2610695658
|c 2-1378.262,1
|l MZK
|r Sklad / do 1 hodiny
|n 5
|p kup
|w 001591643
|u 000020
|a 1
|e BOA001
|j MZK50
|s A
|